000 01095nam a22002057a 4500
003 JO-AjAnu
005 20250929131132.0
008 250928b jo ||||| |||| 00| 0 ara d
040 _aJO-AjAnu
_bara
_cJO-AjAnu
_dJO-AjAnu
_erda
041 0 _aara
_hara
050 _aK5101
_b2025
100 1 _aالزغول، ثابت وصفي احمد
_eمعد
_966681
245 0 _aأثر قانون منع الجرائم في الحفاظ على النظام العام و السلم المجتمعي = The impact of the Crime Prevention Law on maintaining public order and community peace /
_cاعداد ثابت وصفي احمد الزغول ؛ اشراف غالب الشمايله
260 _a2025
300 _a105 ورقة
504 _aرسالة جامعية( رسالة ماجستير في القانون)-جامعة عجلون الوطنية(عجلون، الاردن)- كلية الحقوق، قسم القانون، 2025.
650 7 0 _aالجريمة والمجرمون- قوانين وتشريعات.
_966683
700 1 _aالشمايله، غالب
_eمشرف
_966684
942 _2lcc
_cTHS
_n0
999 _c34002
_d34002